000 00419nam a22001337a 4500
003 ASAB
005 20180827062614.0
008 160202t xxu||||| |||| 00| 0 eng d
040 _cASAB
100 _aUfaq Tasneem-sup-Dr. Saadia Andleeb
_91527
245 _aTh-Mphil-Co-occurrence of antibiotic resistance and virulence genes in methicillin resistant staphylococcus aureus (MRSA)
300 _a114 p
942 _2ddc
_cTH
999 _c479978
_d479978